书目信息 |
| 题名: |
清代科举制度研究
|
|
| 作者: | 王德昭 著 | |
| 分册: | ||
| 出版信息: | 北京 中华书局 1984 |
|
| 页数: | 282页 | |
| 开本: | 21cm | |
| 丛书名: | ||
| 单 册: | ||
| 中图分类: | D691.3 | |
| 科图分类: | ||
| 主题词: | 科举制度--研究--中国--清代 | |
| 电子资源: | ||
| ISBN: | ||
| 000 | 00742nam0 2200277 45 | |
| 001 | 0184010720 | |
| 005 | 20040424162050.3 | |
| 010 | @dCNY1.75 | |
| 091 | @a11018.1254 | |
| 100 | @a19950518d1984 em y0chiy0121 ea | |
| 101 | 0 | @achi |
| 102 | @aCN@b110000 | |
| 105 | @ay z 000yy | |
| 106 | @ar | |
| 200 | 10 | @a清代科举制度研究@Aqing dai ke ju zhi du yan jiu@f王德昭著 |
| 205 | @b影印本 | |
| 210 | @a北京@c中华书局@d1984 | |
| 215 | @a282页@d21cm | |
| 300 | @a限国内发行 | |
| 300 | @a本书据香港中文大学出版社1982年版影印 | |
| 606 | @a科举制度@x研究@y中国@z清代 | |
| 690 | @aD691.3@v3 | |
| 701 | 0 | @a王德昭@Awang de zhao@4著 |
| 801 | 0 | @aCN@b上海图书馆@c20040424 |
| 801 | 2 | @aCN@bNLC@c20040424 |
| 905 | @f1@b129627@dD691.3@e10 | |
| 清代科举制度研究/王德昭著.-影印本.-北京:中华书局,1984 |
| 282页;21cm |
| 限国内发行.-本书据香港中文大学出版社1982年版影印 |
| ISBN :CNY1.75 |
| ● |
| 相关链接 |
|
|
|
|
正题名:清代科举制度研究
索取号:D691.3/10
 
预约/预借
| 序号 | 登录号 | 条形码 | 馆藏地/架位号 | 状态 | 备注 |
| 1 | 0129627 | 001008108 | 第一借阅区/ [索取号:D691.3/10] | 在馆 | |
| 2 | 0129628 | 001742467 | 密集书库/ [索取号:D691.3/10] | 在馆 | |
| 3 | 0129629 | 001742494 | 密集书库/ [索取号:D691.3/10] | 在馆 |